00399nam a2200121Ia 4500008004100000020001800041082001600059100003700075245009000112250001600202260003800218300002100256210430s9999 xx 000 0 und d a9780071311144 a620.11 S639 aSmith, William F., Javad Hashemi aFoundations of materials science and engineering 5th in SI Units /cSmith, William F. a5th edition aDubuque, IA :bMcGraw-Hill,c2011 axviii, 1068 p. :